000 00372nam a22001577a 4500
003 OSt
008 250530b |||||||| |||| 00| 0 eng d
020 _a9780140278637
082 _a728.9 ANP
100 _aANANTH, Sashikala
245 _aThe Penguin Guide To Vaastu
260 _aGurugram
_bPenguin Books
_c1999
300 _a197
650 _aGeneral
942 _2ddc
_cBK
999 _c13643
_d13643